Základní fyzikální konstanty

Salvato in:
Dettagli Bibliografici
Natura: Libro
Lingua:ceco
Pubblicazione: Praha : Státní pedagogické nakladatelství, 1987
Tags: Aggiungi Tag
Nessun Tag, puoi essere il primo ad aggiungerne!!

MARC

LEADER 00000nam a22000003a 4500
001 stu3458
005 20150408174940.3
008 930331s1987----cs------------------cze-d
040 |a STU  |b slo 
041 0 |a cze 
044 |a cs 
080 |a 531  |7 stu_us_auth*stu7974 
245 |a Základní fyzikální konstanty 
260 |a Praha :  |b Státní pedagogické nakladatelství,  |c 1987 
996 |b E68213  |c E*68213  |l EE11  |s P  |a 0  |w stu3458_0001